000
00321 a2200145 4500
001
154936
040
_c
Escola São Tomás de Aquino
100
_a
SUCENA, Ivone Silveira
240
1
0
_a
Geografia
_l
por
245
1
0
_a
Geografia
300
_a
648
362
0
_a
2010
697
_a
GEOGRAFIA GERAL / VIAGENS
942
_c
BK
999
_c
154936
_d
154936